Quick Pick: Sports Events Quiz Stats

 Plays Quiz Updated Jun 16, 2017

Support Sporcle.
Go Orange.
Score 0/10 Timer 01:00
1 Play Today
% Correct
American Football
88.9%
Auto Racing
87.4%
Soccer
84.2%
Baseball
82.5%
Wrestling
82.2%
Horse Racing
81.9%
Ice Hockey
78.7%
Basketball
77.4%
Golf
73.3%
Tennis
70.6%

Today's Daily Dose

You're not logged in!

Compare scores with friends on all Sporcle quizzes.
OR
Log In
Forgot?

From the Vault

Game Show by IMDb Description

by gingerlover

Are you game to play a game about game shows?
Remove Ads.
Support Sporcle.
Get the best of Sporcle when you Go Orange. This ad-free experience offers more features, more stats, and more fun while also helping to support Sporcle. Thank you for becoming a member.

Show Comments

Extras

Top Quizzes Today


Score Distribution

Your Account Isn't Verified!

In order to create a playlist on Sporcle, you need to verify the email address you used during registration. Go to your Sporcle Settings to finish the process.

Report this User

Report this user for behavior that violates our Community Guidelines.

Details: